Geography Ending in P, Starting with A-Z - Statistics

General Stats
  • This quiz has been taken 27 times
    7 since last reset
  • The average score is 5 of 26
Answer Stats
Clue Answer ending in P % Correct
A Belgian city which has Europe's second-largest seaport Antwerp
100%
C The deepest point in the world's oceans, in Micronesia Challenger Deep
17%
D Feyenoord's ground, initially entertaining Kilmarnock, under investigation De Kuip
17%
K Gold or uranium can be found in this forest in Cameroon Korup
17%
L Chinese desert, cut off, with nothing in it Lop
17%
N Senegal village where you find Democrat Al with yo-yo component Ngore Yop
17%
T Pot's Lane leads to this Cambodian lake Tonlé Sap
17%
Z Alternative title, bearing the name of the well-known nearby river, sometimes used for the Caprivi corridor of land in Namibia Zambezi Strip
17%
E Place in Andorra where you might set up your tent Encamp
17%
F Came unstuck in coastal Normandy town Fecamp
17%
G Large, dreary-sounding wetland in Virginia and N. Carolina Great Dismal Swamp
17%
I Long Island town where this quizmaster loses his footing Islip
17%
J Suriname's highest mountain, a fairly long girl's name plus a word meaning "peak" Julianatop
17%
M Ancient Babylonian city and clothes shop seen in a town of Turkmenistan Murgap
17%
O No place for head of Scottish lake, or for the end of what's real, in German town Ochtrup
17%
P Angina has set in; replace me with a small island in the Philippines Panganap
17%
R Funny mistake brings us to west London suburb Ruislip
17%
S Island in Bangladesh - and Wisconsin Sandwip
17%
U Symbolic germanium deposit in Nigerian town Ugep
17%
W Washington suburb, a place to snare wild canines Wolf Trap
17%
X Daħlet ix-_____, a mixed-up pile of rocks forming cliffs in northern Malta Xilep
17%
Y Reversed nano puts North Korea in the ascendancy Yŏnan-ŭp
17%
B Where an infant consumes uranium, an archipelago in the Philippines Babuyan Island Group
0%
H River in the Netherlands, a place to pass away Hollands Diep
0%
Q Hill pass in Louth, Ireland, named after a monarch whose name is Gaelic for Maeve Queen Maebh's gap
0%
V Marsh plant in France makes a hula ring for Guyanese village Vreed-en-Hoop
0%
No matching quizzes found
Score Distribution
Percent of People with Each Score
Percentile by Number Answered
Your Score History
You have not taken this quiz since the last reset